MDQL
is popping MORE tags! Check the
thread
!
Quizzes
Events
Quiz Creation
Community
Videos
Private Events
Remove Ads
Sign In
Join for FREE
Feedback
Dark Mode
Quiz Categories
Sports
Geography
Music
Movies
Television
Just For Fun
Miscellaneous
History
Literature
Language
Science
Gaming
Entertainment
Religion
Holiday
For Kids
Quiz Lab
Recent
Popular Today
Quiz Kudos Today
Editor Picks
Curator Picks
Quizzes by...
Day
Popularity
Type
Ratings
Length
Year
Community
Subscriptions
Recent Discussions
Orange Saloon
Badges
Playlists
Quests
Create
Leaderboards
Showdown
Live 5
Trivia Bingo
Activity
Puzzle Library
Sporcle Events
Private Events
Virtual Trivia
Globe League
Become a Host
Pub Owners
SporcleCon
Opinionation
Our Games
Videos
Blog
Mobile Apps
Partnerships
Remove Ads and Go Orange
Feedback
Television
TV Characters
TV Show
Sitcom
Network
Friends
Reality Shows
Cast
South Park
Star Trek
The Simpsons
Doctor Who
Television
TV Characters
TV Show
Sitcom
Network
Friends
Reality Shows
Cast
South Park
Star Trek
The Simpsons
Doctor Who
Random Quiz
Search Sporcle
×
Quiz Lab
Quiz Lab
Television
Anime
Type in answers that appear in a list
Type in answers that appear in a list
Classic
Best Score? Go Orange.
50 Anime in 7 Minutes Stats
Can you name the 50 Anime in 5 Minutes?
By
Ludono
7m
50 Questions
4,313 Plays
4,313 Plays
4,313 Plays
Comments
Comments
Give Quiz Kudos
Give Quiz Kudos
-
- Ratings
hide this ad
More Info
Replay
Link that replays current quiz
Next Quiz
Link to next quiz in quiz playlist
You Got
0%
They Got
Avg Score
25%
Avg Friend Score
Upgrade to see
Score Distribution
Jump to the score distribution portion of the page
Score
0/50
Timer
07:00
0
Plays Today
Description
Anime
% Correct
Believe it!
Naruto
84.1%
Bankai!
Bleach
82.6%
Mugiwara pirates!
One Piece
80.1%
Shinigami Chop! Halloween every day!
Soul Eater
58%
Tiger x Dragon
Toradora
53.4%
Bash them in the head, dont get bitten, also boobs
High School of the Dead
52.3%
Taiga is Happy, Igneel has disappearance
Fairy Tail
48.4%
Pizza hut loving witch
Code Geass
46.8%
Tamaki = Vic Mignogna
Ouran High School Host Club
45.6%
Dango Daikazaoku
Clannad
44.2%
Apples + wolves = hot
Spice and Wolf
44%
The dollars chatroom
Durarara!!!
38.6%
The brothers are back
Fullmetal Alchemist Brotherhood
33.5%
Looking for sunflower samurai
Samurai Champloo
31.7%
Fuwa Fuwa time
K-ON!
31.6%
10 year old followed and chased by 30 girls
Mahou sensei Negima!
31.5%
Mafia in Japan
Katekyo Hitman Reborn!
28.8%
Ommortal gun wielding mafia gangster face off. Also Rail tracer.
Baccano
27.2%
Hey yo check dis out, its the moon walk, good chance and luck! Knockin on heavens door!
Angel Beats!
24.8%
Japanese brain surgeon in germany attempts to foil plot originally meant to create a new Hitler
Monster
24%
Vampire detective
Hellsing
23.9%
She she is not Sadako from the ring
Kimi ni Todoke
22.6%
MIsaka agrees thinks Misaka
To Aru Majutsu no Index
21.8%
Bloody mess. nipah!
Higurashi no naku koro ni
21.1%
Coma cause in game
.dot Hack
19.9%
Description
Anime
% Correct
BK-
201
Darker than Black
19.8%
Airboard riding robots
Eureka Seven
19.7%
Twincest is Wincest
Kiss x Sis
19.7%
The only thing she wants to do is go to the beach
Air
18.5%
Biribiri
To Aru Kagaku no Railgun
17.6%
Vampires got crabs, also snakes, cats and snail.
Bakemonogatari
16.6%
Yoh, fight me!
Shaman King
16.4%
Blades and boobs, no armor required
Queens Blade
12.1%
Black bunny reaper
Pandora Hearts
11.9%
Santa is evil, nobody loves Klaus and the main character has 150 million yen debt
Hayate no Gotoku
11.5%
I don't believe in seagulls or witches
Umineko no Naku Koro ni
11.1%
Messed up animals and genderbendering german word for warrior
Kampfer
10%
De arimasu
Shakugan no Shana
10%
Enriha!
Kaze no Stigma
8.3%
Nothing ever happens in the student council
Seitokai no Ichizon
7.1%
The quest to find Gauche, Steak is awesome
Tegami Bachi
6.6%
Soma from Tomo
Seikon no Qwaser
4.6%
trading hands is good
Zombie Loan
4.3%
Cat demon ninjas are awesome bodyguards
Omamori Himari
3.1%
Failed confessions, high school romance, summer 2010
Amagami SS
2.5%
Kandatta String!
Needless
2.4%
District 9 with hot girls
DearS
1.7%
Wizard of Oz + snow white and the seven dwarves
MAR
1.6%
Rehydrate, Shatter = Sword
The Sacred Blacksmith
1.3%
Supernatural highschool
Kekkaishi
1.3%
Quiz Playlist
Details
Report
Send in Message
Add To Playlist
More Info:
Can you name all these animes (2000-2010) in five minutes.
Classic:
Type in answers that appear in a list
Last Updated: Feb 16, 2017
Quiz Scoreboard
CHALLENGE
Sign Up to Join the Scoreboard
Show All
Scores
Hide
Comments
May contain spoilers
Recently Published
1-10 Letter E Words III
by El_Dandy
Language
2m
Street Fighter Characters
by Artimus82
Gaming
60s
College Basketball Coaching Resumes
by pancakes188
Sports
9m
More to Explore
Quiz From the Vault
Featured Blog Post
Where Did the Easter Bunny Come From?
hide this ad
You Might Also Like...
Tags
Anime Quiz
description
minute
Today's Top Quizzes in Television
Browse Television
hide this ad
Today's Top Quizzes in Anime
Browse Anime
Top Contributed Quizzes in Television
1
Survivor Journey Challenge
2
Adjectives in 80s TV Shows
3
Adjectives in 00s TV Shows
4
5-to-1: The Simpsons Families
5
5-to-1: Television Doctors
6
Adjectives in 10s TV Shows
7
7-to-1: TV Show Settings
8
Adjectives in 70s TV Shows
9
5-to-1: Streaming Originals
10
Survivor Seasons
Explore More
Trending Topics
Marvel
Disney
Crossword
Anime
Kpop
NBA
Harry Potter
Puzzle
The Office
WWE
NFL
Song
Country
Pokémon
Soccer
hide this ad
More By:
Ludono
Quiz
Plays
Rating
Category
Featured
Created
50 Anime in 7 Minutes
4,313
1.89
Television
Jul 10, 2010
Name the Anime by Scene [Video Clips]
1,049
2.50
Television
Feb 10, 2012
Mass Effect Tali Quiz
954
3.00
Gaming
Apr 24, 2012
Anime Theme Remix Mashup
333
3.27
Entertainment
Jun 8, 2013
Name the Anime by Soundtrack
268
3.50
Television
Sep 3, 2011
Go to Creator's Profile
Score Distribution
Quiz Creator Spotlight
Ludono
Follow
Send a Message
Quizzes Created
-
Created Quiz Play Count
-
More By This Creator
Popular Quizzes Today
1
Find the US States - No Outlines Minefield
2
Find the Countries of Europe - No Outlines Minefield
3
The Countries of the World
4
Find the US States
5
Risky Map Clicking: Biggest States A-Z
6
US States
7
Popular People in 1961
8
Movies - When Are They Set?
More Television Quizzes
The Simpsons: Homer's Donut Quest Board Game
Curator's Pick
Trending Quizzes
Risky Map Clicking: Least Populous States A-Z
Billboard Blitz: Aretha Franklin
1-10 Letter G Words
Countries of the World: 200 Million BC
1-10 Letter F Words
Recently Updated
Leaping Animals
pecheneg
Reality TV Shows (A-Z)
bhenderson79
Rickey Henderson's Hall of Fame Teammates
pecheneg
Champions League XIs: Arsenal
pecheneg
Quick Pick: Celebrities in WWE's Hall of Fame
aduchscher
A-Z Keypad Blitz II
pecheneg
Multiple Oscar Actors
pecheneg
Mystery Phrase Blitz: Oscar 'Best Actors'
pecheneg
F. Scott Fitzgerald Novels
LTH
Pick 3 Villains
ddd62291
Trending Topics
Marvel
Kpop
Anime
Harry Potter
Crossword
Disney
NBA
Song
The Office
WWE
Puzzle
NFL
Country
Soccer
Pokémon
Your Account Isn't Verified!
In order to create a playlist on Sporcle, you need to verify the email address you used during registration. Go to your
Sporcle Settings
to finish the process.
Report this User
Report this user for behavior that violates our
Community Guidelines
.
Details:
Send Report
Go to the Sporcle.com Mobile Site →
Comments